Collins v Howard de Walden Estates Ltd (Record no. 72695)
[ view plain ]
| 000 -LEADER | |
|---|---|
| fixed length control field | 01988cam a2200289 4500 |
| 001 - CONTROL NUMBER | |
| control field | ABS66725 |
| 008 - FIXED-LENGTH DATA ELEMENTS--GENERAL INFORMATION | |
| fixed length control field | 030520n2003 000 0 eng u |
| 035 ## - SYSTEM CONTROL NUMBER | |
| System control number | (Sirsi) u122327 |
| 245 ## - TITLE STATEMENT | |
| Title | Collins v Howard de Walden Estates Ltd |
| 260 ## - PUBLICATION, DISTRIBUTION, ETC. | |
| Date of publication, distribution, etc. | 2003 |
| 490 ## - SERIES STATEMENT | |
| Series statement | Estates Gazette |
| Volume/sequential designation | [2003] 37 EG 137-143(7) |
| 520 ## - SUMMARY, ETC. | |
| Summary, etc. | [2003] EWCA Civil 545, 16 April 2003. Appeal by the freeholder (HDW) from a judgment granting a long leaseholder (C) entitlement to acquire the freehold under the Leasehold Reform Act 1967 of two adjacent houses, of which C owned the headlease. Until 1977 the two properties were separate when a communicating door was made through the party wall. HDW disputed C's right to acquire the freehold as the properties did not constitute a dwelling house within s1 of the Act, rather that the properties were two houses or one property divided vertically and thus excluded by s2(1)(b) of the Act. It was judged to be one house (see Abs65853) and HDW appealed. "Held": appeal dismissed. Following "Malekshad v Howard de Walden Estates Ltd " ([2002] UK HL49; Abs66268) the properties rightly constituted a house within the meaning of s2(1) and were not divided vertically in the manner contemplated by s2(1)(b). View judgment at www.courtservice.gov.uk. |
| 590 ## - LOCAL NOTE (RLIN) | |
| Local note | ABS |
| 650 ## - SUBJECT ADDED ENTRY--TOPICAL TERM | |
| Topical term or geographic name entry element | LEASEHOLD REFORM ACT 1967 S2(1)(B) |
| 650 ## - SUBJECT ADDED ENTRY--TOPICAL TERM | |
| Topical term or geographic name entry element | LEASEHOLD REFORM ACT 1967 S2(1) |
| 650 ## - SUBJECT ADDED ENTRY--TOPICAL TERM | |
| Topical term or geographic name entry element | FREEHOLD |
| 650 ## - SUBJECT ADDED ENTRY--TOPICAL TERM | |
| Topical term or geographic name entry element | RIGHT TO ACQUIRE |
| 650 ## - SUBJECT ADDED ENTRY--TOPICAL TERM | |
| Topical term or geographic name entry element | MALEKSHAD V HOWARD DE WALDEN ESTATES LTD |
| 650 ## - SUBJECT ADDED ENTRY--TOPICAL TERM | |
| Topical term or geographic name entry element | VERTICAL DIVISION |
| 650 ## - SUBJECT ADDED ENTRY--TOPICAL TERM | |
| Topical term or geographic name entry element | LEASEHOLD ENFRANCHISEMENT |
| 650 ## - SUBJECT ADDED ENTRY--TOPICAL TERM | |
| Topical term or geographic name entry element | Party walls |
| 9 (RLIN) | 6258 |
| 650 ## - SUBJECT ADDED ENTRY--TOPICAL TERM | |
| Topical term or geographic name entry element | DWELLING HOUSES |
| 650 ## - SUBJECT ADDED ENTRY--TOPICAL TERM | |
| Topical term or geographic name entry element | COLLINS V HOWARD DE WALDEN ESTATES LTD |
| 690 ## - LOCAL SUBJECT ADDED ENTRY--TOPICAL TERM (OCLC, RLIN) | |
| Topical term or geographic name as entry element | LANDLORD AND TENANT-LEASES-CASE LAW |
| 856 ## - ELECTRONIC LOCATION AND ACCESS | |
| Uniform Resource Identifier | <a href="https://www.bailii.org/cgi-bin/markup.cgi?doc=/ew/cases/EWCA/Civ/2003/545.html&query=Collins+and+v+and+Howard+and+de+and+Walden+and+Estates+and+Ltd&method=boolean">https://www.bailii.org/cgi-bin/markup.cgi?doc=/ew/cases/EWCA/Civ/2003/545.html&query=Collins+and+v+and+Howard+and+de+and+Walden+and+Estates+and+Ltd&method=boolean</a> |
| Public note | View the judgment free of charge at www.bailii.org |
| 942 ## - ADDED ENTRY ELEMENTS (KOHA) | |
| Suppress in OPAC | 0 |
| Withdrawn status | Lost status | Source of classification or shelving scheme | Damaged status | Not for loan | Home library | Current library | Shelving location | Date acquired | Total Checkouts | Full call number | Barcode | Date last seen | Copy number | Price effective from | Koha item type |
|---|---|---|---|---|---|---|---|---|---|---|---|---|---|---|---|
| Dewey Decimal Classification | London | London | Journal article | 20/05/2003 | ABS66725 | 122327-1001 | 06/08/2019 | 1 | 06/08/2019 | Law report |